Vybrané formy občianskej participácie

Participácia občanov na procese politického rozhodovania ako základný predpoklad stabilnej demokracie. Skúmanie inovatívnych foriem občianskej participácie s dôrazom na tzv. mini-verejnosť (mini-public). Praktické príklady občianskej participácie na rôznych úrovniach vo vybraných krajinách.

Saved in:
Bibliographic Details
Main Author: Jančovičová Bognárová, Kristína, 1979-
Other Authors: Neubauerová, Erika, 1968-, Zubaľová, Alena, 1959-
Format: Book Chapter
Language:Slovak
Subjects:
Tags: Add Tag
No Tags, Be the first to tag this record!

MARC

LEADER 00000naa$a2200000$$$4500
001 0281031
005 20240502074351.0
041 0 |a slo 
044 |a SK 
245 1 0 |a Vybrané formy občianskej participácie  |c Kristína Jančovičová Bognárová, Erika Neubauerová, Alena Zubaľová 
520 |a Participácia občanov na procese politického rozhodovania ako základný predpoklad stabilnej demokracie. Skúmanie inovatívnych foriem občianskej participácie s dôrazom na tzv. mini-verejnosť (mini-public). Praktické príklady občianskej participácie na rôznych úrovniach vo vybraných krajinách. 
610 2 0 |a občania 
610 2 0 |a účasť na riadení 
610 2 0 |a politika 
610 2 0 |a rozhodovanie 
610 2 0 |a demokracia 
100 1 |a Jančovičová Bognárová, Kristína, 1979- 
700 1 |a Neubauerová, Erika, 1968- 
700 1 |a Zubaľová, Alena, 1959-